000 00459nam a2200133 a 4500
008 120416s1957 ||||||||||||||||| || u
050 _aNA 5551.C47 Not
245 1 0 _aNotre-Dame de Chartres
246 _aMonseigneur Michon
260 _aParis
_bHachette
_c1957
300 _a107p. : ill.
350 _a0.00
995 _D0.00
_FCBU-MAIN LIBRARY (Kitwe)
_H1
_I0.00
_M1
_UDAMAGED
_ZMain Library Open Access Collection
999 _c52403
_d52403